00929nam a22002057a 4500003000900000008004100009040007100050082001900121100002100140245003300161260005100194300002800245440002400273505030500297650001500602650002700617650002500644650001900669700003500688AR-CdUCM190311b           ||||| |||| 00| 0 spa d  aMUNICIPALIDAD PROVINCIAL DEL CUSCOcBIBLIOTECA MUNICIPAL DEL CUSCO  a309.185 /bD87  aDollfus, Olivier  aEl reto del espacio andino /  aLima :bInstituto de Estudios Peruanos,c1981.  a141 paginas ;c20.5 cm.  aPerú probleman20  aFundamentos ecológicos del espacio andino -- Los grandes sistemas andinos intertropicales -- Geosistemas y medios naturales en los andes ecuatoriales del norte --Geosistemas y medios naturales en los andes tropicales del sur -- Papel de los factores naturales en la transformación del paisaje ...  aEcología  aPolítica económica  aCondiciones sociales  aAndes peruanos  aInstituto de Estudios Peruanos